Normal view
MARC view
- Taliban
Entry Topical Term
001 - CONTROL NUMBER
- control field: 111763
003 - CONTROL NUMBER IDENTIFIER
- control field: NUST
005 - DATE AND TIME OF LATEST TRANSACTION
- control field: 20230406121242.0
008 - FIXED-LENGTH DATA ELEMENTS
- fixed length control field: 230406|| aca||aabn | a|a d
040 ## - CATALOGING SOURCE
- Original cataloging agency: NUST
- Transcribing agency: NUST
150 ## - HEADING--TOPICAL TERM
- Topical term or geographic name entry element: Taliban
670 ## - SOURCE DATA FOUND
- Source citation: Work cat.: (NUST)187124: Rashid, Ahmed 90631, Taliban: Islam, Oil and the new Great Game in Central Asia / , 2000
